[Event "Hallstahammar op"]
[Site "Hallstahammar"]
[Date "2004.09.12"]
[Round "7"]
[White "Krzymowska, Amelia"]
[Black "Amroun, David"]
[Result "0-1"]
[WhiteElo "1513"]
[BlackElo "1743"]
[PlyCount "52"]
[EventDate "2004.09.10"]
[EventType "swiss"]
[EventRounds "8"]
[EventCountry "SWE"]
[SourceTitle "EXT 2005"]
[Source "ChessBase"]
[SourceDate "2004.11.15"]
[SourceVersion "1"]
[SourceVersionDate "2004.11.15"]
[SourceQuality "1"]

1. e4 c6 2. d4 d5 3. e5 Bf5 4. Bd3 Bxd3 5. Qxd3 e6 6. Nf3 a6 7. a4 c5 8. b3 Nc6 9. Be3 cxd4 10. Bxd4 Rc8 11. 0-0 Nb4 12. Qd1 Nxc2 13. Ra2 Nxd4 14. Qxd4 Ne7 15. Nbd2 Ng6 16. a5 Bc5 17. Qa4+ Qd7 18. Rd1 Ba7 19. Qxd7+ Kxd7 20. Nc4 Ke7 21. Nb6 Bxb6 22. axb6 Rc6 23. Nd4 Rxb6 24. Re1 Rc8 25. g3 Rb4 26. Ra4 Rxa4 0-1

[Event "Hallstahammar op"]
[Site "Hallstahammar"]
[Date "2003.09.14"]
[Round "6"]
[White "Amroun, David"]
[Black "Olsson, Dick"]
[Result "1-0"]
[WhiteElo "1599"]
[BlackElo "1367"]
[PlyCount "121"]
[EventDate "2003.09.12"]
[EventType "swiss"]
[EventRounds "7"]
[EventCountry "SWE"]
[SourceTitle "CBM 096 Extra"]
[Source "ChessBase"]
[SourceDate "2003.10.22"]
[SourceVersion "2"]
[SourceVersionDate "2003.10.20"]
[SourceQuality "1"]

1. d4 d5 2. Nf3 Nc6 3. c4 e6 4. Bg5 Be7 5. Bf4 Bb4+ 6. Bd2 dxc4 7. e4 b5 8. a4 Ba6 9. Nc3 Nxd4 10. Nxd4 Qxd4 11. axb5 Bb7 12. Qa4 Bxc3 13. Bxc3 Qxe4+ 14. Be2 Qxg2 15. 0-0-0 Qxf2 16. Qxc4 Qe3+ 17. Bd2 Qb6 18. Rhg1 Nf6 19. Rxg7 Rg8 20. Rxg8+ Nxg8 21. Bf4 Rc8 22. Qd3 Qc5+ 23. Kb1 Qf5 24. Qxf5 exf5 25. Bg5 f6 26. Bh4 c6 27. Bc4 Nh6 28. Bxf6 Ng4 29. Re1+ Kf8 30. Be7+ Kg7 31. h3 Nh2 32. Rg1+ Kh6 33. Bg5+ Kg7 34. Bf4+ Kf6 35. Bxh2 cxb5 36. Bxb5 Be4+ 37. Ka2 a6 38. Ba4 Rc4 39. Ka3 Rd4 40. h4 Rd3+ 41. Bb3 Bd5 42. Rg3 Rd2 43. Bg1 Rg2 44. Bd4+ Ke7 45. Rxg2 Bxg2 46. Bc4 Bb7 47. Bg8 h5 48. Be5 Be4 49. Kb4 Bd3 50. Bc4 a5+ 51. Kc3 Be4 52. Kd4 a4 53. Bd3 Bc6 54. Bxf5 Be8 55. Kc4 Bf7+ 56. Kb4 Be8 57. Bc2 Ke6 58. Bf4 Kf6 59. Bxa4 Bf7 60. Bc6 Kf5 61. Bg5 1-0

[Event "Hallstahammar op"]
[Site "Hallstahammar"]
[Date "2003.09.13"]
[Round "5"]
[White "Forsberg, Ludvig"]
[Black "Amroun, David"]
[Result "1-0"]
[WhiteElo "1424"]
[BlackElo "1599"]
[PlyCount "101"]
[EventDate "2003.09.12"]
[EventType "swiss"]
[EventRounds "7"]
[EventCountry "SWE"]
[SourceTitle "CBM 096 Extra"]
[Source "ChessBase"]
[SourceDate "2003.10.22"]
[SourceVersion "2"]
[SourceVersionDate "2003.10.20"]
[SourceQuality "1"]

1. e4 c6 2. d4 d5 3. e5 a6 4. h3 Bf5 5. Be3 e6 6. Nd2 Nd7 7. Be2 c5 8. c3 Qb6 9. b3 cxd4 10. cxd4 Bb4 11. Ngf3 Bc3 12. Rc1 Bb2 13. 0-0 Bxc1 14. Qxc1 Ne7 15. Nh4 Rc8 16. Qa1 0-0 17. Bg5 f6 18. exf6 Nxf6 19. Ndf3 h6 20. Be3 g5 21. Nxf5 Nxf5 22. Ne5 Ne4 23. Nd7 Qb4 24. Nxf8 Rxf8 25. Bd3 Nxe3 26. fxe3 Qd2 27. Rxf8+ Kxf8 28. Qf1+ Kg7 29. Qe2 Qxe2 30. Bxe2 Nc3 31. Bg4 Kf6 32. a3 Nb1 33. a4 Nd2 34. Bd1 e5 35. Kf2 exd4 36. exd4 Kf5 37. Ke3 Nf1+ 38. Kf2 Nd2 39. Ke3 Ne4 40. Bc2 h5 41. g3 b6 42. b4 b5 43. a5 g4 44. h4 Ke6 45. Bxe4 dxe4 46. Kxe4 Kd6 47. d5 Ke7 48. Ke5 Kd7 49. d6 Ke8 50. Ke6 Kd8 51. d7 1-0